نظرية الدعوى بين الشريعة الإسلامية و قانون المرافعات المدينة و التجارية / (رقم التسجيلة. 2216)

تفاصيل مارك
000 -LEADER
fixed length control field 00584nam a22001697a 4500
005 - DATE AND TIME OF LATEST TRANSACTION
control field 20251108164038.0
008 - FIXED-LENGTH DATA ELEMENTS--GENERAL INFORMATION
fixed length control field 250721s1972 xx 000 0 ara d
082 14 - DEWEY DECIMAL CLASSIFICATION NUMBER
Classification number 216,6/محم
100 1# - MAIN ENTRY--PERSONAL NAME
Personal name ياسين، محمد نعيم عبد السلام
245 10 - TITLE STATEMENT
Title نظرية الدعوى بين الشريعة الإسلامية و قانون المرافعات المدينة و التجارية /
264 1# - PRODUCTION, PUBLICATION, DISTRIBUTION, MANUFACTURE, AND COPYRIGHT NOTICE
Place of production, publication, distribution, manufacture عمان :
Name of producer, publisher, distributor, manufacturer وزارة الأوقاف والشؤون،
Date of production, publication, distribution, manufacture, or copyright notice 1972.
300 ## - PHYSICAL DESCRIPTION
Extent
650 17 - SUBJECT ADDED ENTRY--TOPICAL TERM
Topical term or geographic name as entry element الإسلام
650 17 - SUBJECT ADDED ENTRY--TOPICAL TERM
Topical term or geographic name as entry element الفقه
942 ## - ADDED ENTRY ELEMENTS (KOHA)
Source of classification or shelving scheme Dewey Decimal Classification
Koha item type كتب
المقتنيات
حالة السحب حالة الفقدان مصدر التصنيف حالة التلف غير قابل للإعارة المكتبة الرئيسية المكتبة الحالية موقع الرف تاريخ التزويد الرقم المتسلسل Total Checkouts رقم الإستدعاء تاريخ آخر ظهور تاريخ الفاتورة نوع المادة (كوها) الباركود
    Dewey Decimal Classification Unchecked   المكتبة المركزية المكتبة المركزية الإعارة 06/07/2004 39622   216,6/محم 28/07/2025 06/07/2004 كتب  
    Dewey Decimal Classification     المكتبة المركزية المكتبة المركزية الإعارة 06/07/2004 39626   216,6/محم 28/07/2025 06/07/2004 كتب 39626
Implemented & Customized by: BBB with SCIT (Smart Chains for Information Technology)

Powered by Koha